000 00615nam a2200241 i 4500
001 C2-0225811
003 PPAK
005 20180728153857.0
008 000611s1982 nyu |||| ||||| | eng d
020 _a0553293389
040 _aPPAK
_beng
_cPPAK
_erda
082 0 4 _a823
_223
090 0 0 _a823
_bASI
_dG
100 1 _aAsimov, Isaac,
_eauthor
245 1 0 _aFoundation's edge
264 1 _aNew York :
_bBantam Books ,
_c1982
300 _a450 pages ;
_c18 cm
336 _2rdacontent
_atext
337 _2rdamedia
_aunmediated
338 _2rdacarrier
_avolume
650 1 0 _aEnglish fiction
942 _ddc
_cB
999 _c146392
_d146392